000 00466nam a2200193 a 4500
001 1765524280736
003 ACL
005 20251212125650.0
008 251212s2003##################000#0#eng##
020 _a9780747561767
082 0 4 _a636.13220973
_bCON
100 1 _aConley, Kevin,
_eauthor.
245 1 0 _aStud :
260 _bBloomsbury Paperbacks,
_c2003.
300 _a224 pages
650 0 _aHorse breeders.
942 _cENGLISH
040 _aACL
_beng
_cACL
999 _c602227
_d602227